|
|
|
|
| LEADER |
00000nam0a2200000 4500 |
| 001 |
254455 |
| 005 |
20231101232934.0 |
| 010 |
|
|
|a 9785976514393
|
| 010 |
|
|
|a 978-5-02-037785-1
|
| 035 |
|
|
|a (RuTPU)RU\TPU\book\276914
|
| 090 |
|
|
|a 254455
|
| 100 |
|
|
|a 20140320d2013 m y0rusy50 ca
|
| 101 |
0 |
|
|a rus
|
| 102 |
|
|
|a RU
|
| 105 |
|
|
|a a j 000zy
|
| 200 |
1 |
|
|a История технических инноваций
|e учебное пособие
|f Б. М. Игошев, А. П. Усольцев
|
| 210 |
|
|
|a Москва
|c Флинта
|c Наука
|d 2013
|
| 215 |
|
|
|a 352 с.
|c ил.
|
| 330 |
|
|
|a Пособие предназначено для организации элективного школьного курса «Технические инновации». После каждого параграфа предлагаются темы для самостоятельной работы учащихся и для организации дискуссий.Для школьников, учителей и тех, кто интересуется историей техники.
|
| 606 |
1 |
|
|a Инновации технические
|x Внедрение
|2 stltpush
|3 (RuTPU)RU\TPU\subj\68848
|9 83957
|
| 610 |
1 |
|
|a научно-технический прогресс
|
| 610 |
1 |
|
|a история
|
| 610 |
1 |
|
|a окружающее пространство
|
| 610 |
1 |
|
|a земля
|
| 610 |
1 |
|
|a океаны
|
| 610 |
1 |
|
|a воздух
|
| 610 |
1 |
|
|a космос
|
| 610 |
1 |
|
|a подземелье
|
| 610 |
1 |
|
|a человеческая деятельность
|
| 610 |
1 |
|
|a строительство
|
| 610 |
1 |
|
|a бытовая техника
|
| 610 |
1 |
|
|a медицина
|
| 610 |
1 |
|
|a спорт
|
| 610 |
1 |
|
|a образование
|
| 610 |
1 |
|
|a искусство
|
| 610 |
1 |
|
|a военное дело
|
| 610 |
1 |
|
|a наука
|
| 610 |
1 |
|
|a природа
|
| 610 |
1 |
|
|a экология
|
| 610 |
1 |
|
|a учебные пособия
|
| 675 |
|
|
|a 62.001.5(075.8)
|v 3
|
| 700 |
|
1 |
|a Игошев
|b Б. М.
|g Борис Михайлович
|
| 701 |
|
1 |
|a Усольцев
|b А. П.
|g Александр Петрович
|
| 801 |
|
1 |
|a RU
|b 63413507
|c 20140320
|
| 801 |
|
2 |
|a RU
|b 63413507
|c 20150527
|g RCR
|
| 942 |
|
|
|c BK
|
| 959 |
|
|
|a 54/20140320
|d 2
|e 275,00
|f АНЛ:1
|